Statystyki dla Państwa Nieuznawane

Kliknij tutaj aby rozwiązać quiz!

Ogólne statystyki

  • Ten quiz został rozwiązany 76 razy
  • Średni wynik to 5 z 12

Statystyki odpowiedzi

Państwo/Terytorium% Poprawnych
Tajwan
68%
Kosowo
65%
Naddniestrze
56%
Palestyna
56%
Osetia Południowa
48%
Sahara Zachodnia
48%
Abchazja
47%
Somaliland
44%
Górski Karabach
39%
Cypr Północny
31%
Doniecka Republika Ludowa
18%
Ługańska Republika Ludowa
18%

Rozkład punktacji

Percentyl według liczby udzielonych odpowiedzi

Procent ludzi z każdym wynikiem

Twoja historia wyników

Nie rozwiązałeś tego quizu